SECURITIES ANALYSIS : A Personal Seminar /

Bibliographic Details
Format: Book
Language:English
Subjects:
LEADER 00891cam a2200289 7i4500
001 0000066506
005 20170809090000.0
005 ##20170809125600.0
003 ##MY-KlINT
008 170809t2016 nyu e 001 0 eng d
020 # # |a 0136582044  
039 # 9 |a 201708091256  |b staff  |y 201708091202  |z staff 
040 # # |a INTAN BK 
082 0 0 |a 332.632 
090 0 0 |a 332.632   |b SEC 
245 0 0 |a SECURITIES ANALYSIS :   |b A Personal Seminar /   |c New York Institute of Finance. 
264 # 0 |a New York  |b NEW YORK INSTITUTE OF FINANCE  |c 1989 
300 # # |a xii, 304 pages;   |c 24cm. 
336 # # |a text  |2 rdacontent 
337 # # |a unmediated  |2 rdamedia 
338 # # |a volume  |2 rdacarrier 
500 # # |a Includes bibliographical references and index 
583 # # |a LULUS 
650 # 0 |a Stocks  
650 # 0 |a Finance, Personal  
650 # 0 |a Investment analysis  
999 |a 0000076497  |b BOOK  |c Main Non-Fiction  |e INTAN BK